Estadísticas para Máximos goleadores de la Premier League 2018-2019

Haz click aquí para intentar la prueba.

Estadísticas generales

  • Esta prueba ha sido intentada 49 veces
  • La puntuación promedio es 13 de 15

Estadísticas de respuestas

GolesNacionalidadEquipoJugador% Correcto
19InglaterraTottenham Hotspura Harry Kane
100%
22EgiptoLiverpoolMohamed Salah
100%
22SenegalLiverpoolSadio Mané
100%
21ArgentinaManchester CitySergio Agüero
100%
16BélgicaChelseaEden Hazard
98%
18InglaterraLeicester CityJamie Vardy
98%
22GabónArsenalPierre-Emerick Aubameyang
98%
13MéxicoWolverhampton WanderersRaúl Jiménez
95%
19InglaterraManchester CityRaheem Sterling
90%
13BrasilEvertonRicharlison
90%
13FranciaManchester UnitedPaul Pogba
80%
13FranciaArsenalAlexandre Lacazette
78%
13IslandiaEvertonGylfi Sigurðsson
65%
14InglaterraBournemouthCallum Wilson
38%
13InglaterraBrighton & Hove AlbionGlenn Murray
23%

Distribución de puntuación

Porcentaje por número respondido

Porcentaje de gente con cada puntuación

Historial de tus puntuaciones

No has intentado esta prueba.